| 000 | 00568nam a22002057a 4500 | ||
|---|---|---|---|
| 003 | OSt | ||
| 005 | 20190204172746.0 | ||
| 008 | 180326b xxu||||| |||| 00| 0 eng d | ||
| 020 | _a9789350232408 | ||
| 040 | _cBT-PhCST | ||
| 050 | _a21022-21031 | ||
| 082 |
_222 _a005.437 _bTID |
||
| 100 | _aTidwell, Jenifer. | ||
| 245 |
_aDesigning interfaces : _bpatterns for effective interaction design / |
||
| 250 | _a2nd ed. | ||
| 260 |
_aNew Delhi : _bO'Reilly Media Inc., _c2011. |
||
| 300 |
_axxv, 547 p. : _bill. ; _c23 cm. |
||
| 500 | _aIncludes index. | ||
| 942 |
_2ddc _cIT |
||
| 999 |
_c6867 _d6867 |
||